Algebra (Record no. 360845)

MARC details
000 -LEADER
fixed length control field 00483 a2200205 4500
005 - DATE & TIME
control field 20250205142807.0
008 - FIXED-LENGTH DATA ELEMENTS--GENERAL INFORMATION
fixed length control field 250205b |||||||| |||| 00| 0 eng d
020 ## - ISBN
International Standard Book Number 9788122484601
Price Rs. 399.00
040 ## - CATALOGING SOURCE
Original cataloging agency VIVEKANANDA LIBRARY
082 ## - DDC NUMBER
Classification number 512
Book Number B198A(2)
100 ## - MAIN ENTRY--PERSONAL NAME
Personal name Bali, N P
245 ## - TITLE STATEMENT
Title Algebra
250 ## - EDITION STATEMENT
Edition statement 2nd
260 ## - PUBLICATION, DISTRIBUTION, ETC. (IMPRINT)
Name of publisher, distributor, etc New Age International Publishers
Date of publication, distribution, etc 2024
300 ## - PHYSICAL DESCRIPTION
Pages 370
440 ## - Series Statement
Series Title Golden Math Series
650 ## - Subject
Subject Mathematics
650 ## - Subject
Subject Algebra
942 ## - ADDED ENTRY ELEMENTS (KOHA)
Koha item type Books
Holdings
Withdrawn status Lost status Source of classification or shelving scheme Damaged status Not for loan Location (home branch) Sublocation or collection (holding branch) Shelving location Date acquired Koha issues (times borrowed) Koha full call number Accession No. Koha date last seen Koha item type
    Dewey Decimal Classification     VIVEKANANDA LIBRARY VIVEKANANDA LIBRARY Vivekananda Library 03/02/2025   512 B198A(2) 437216 03/02/2025 Books
    Dewey Decimal Classification     VIVEKANANDA LIBRARY VIVEKANANDA LIBRARY Vivekananda Library 03/02/2025   512 B198A(2) 437217 03/02/2025 Books
    Dewey Decimal Classification     VIVEKANANDA LIBRARY VIVEKANANDA LIBRARY Vivekananda Library 03/02/2025   512 B198A(2) 437213 03/02/2025 Books
    Dewey Decimal Classification     VIVEKANANDA LIBRARY VIVEKANANDA LIBRARY Vivekananda Library 03/02/2025   512 B198A(2) 437215 03/02/2025 Books
    Dewey Decimal Classification     VIVEKANANDA LIBRARY VIVEKANANDA LIBRARY Vivekananda Library 03/02/2025   512 B198A(2) 437214 03/02/2025 Books
© Designed and Maintained by Vivekananda Library, MDU Rohtak